| 000 | 01127nam a2200253Ia 4500 | ||
|---|---|---|---|
| 001 | mysecretboyfrien00mcda | ||
| 003 | CaSfIA | ||
| 005 | 20210118191705.0 | ||
| 007 | cr|||| | ||
| 008 | 880322s1988 ohu 000 1 eng d | ||
| 040 |
_aMLN _cMLN _dCaSfIA |
||
| 020 |
_a0874063108 (pbk.) : _c$2.50 |
||
| 020 | _a9780874063103 (pbk.) | ||
| 035 | _a(OCoLC)17660698 | ||
| 100 | 1 | _aMcDaniel, Lurlene. | |
| 245 | 1 | 0 |
_aMy secret boyfriend / _h[electronic resource] _cLurlene McDaniel. |
| 260 |
_aWorthington, OH : _bWillowisp, _c1988. |
||
| 300 |
_a125 p. ; _c18 cm. |
||
| 856 | 4 | 1 |
_uhttp://www.archive.org/details/mysecretboyfrien00mcda _zFree eBook from the Internet Archive |
| 856 | 4 | 2 |
_uhttp://www.openlibrary.org/books/OL24214830M _zAdditional information and access via Open Library |
| 942 | _cEB | ||
| 506 | _fНеобхідна авторизація на https://archive.org/ (створення облікового запису безкоштовно) | ||
| 506 | _fНеобхідна авторизація на https://openlibrary.org/ (створення облікового запису безкоштовно) | ||
| 999 |
_c528570 _d528570 |
||